1932 1128 1983 1237 1840 1522 1942 1218 1634 1546 1071 1209 1493 1624 1175 1879 1269 1948 1379 1309 1168 1771 1835 1814 1233 1237 1554 1396 1621 1600 1868 1904 1487 1388 1035 1085 1528 1313 1845 1832 1486 1383 1515 1087 1799 1933 1166 1803 1687 1519 1888 1927 1460 1779 1367 1383 1679 1894 1545 1330 1669 1009 1098 1489 1003 1508 1613 1306 1675 1378 1695 1896 1527 1569 1771 1415 1162 1275 1238 1046 1772 1132 1989 1458 1523 1705 1597 1592 1389 1195 1059 1599 1034 1483 1637 1514 1082 1795 1085 BCNSPRNW ULIB Ver.6.0+V

เปลี่ยนเป็นภาษาไทย

Change to English
 แสดงรายละเอียดบรรณานุกรม
  กลับหน้าหลัก

Brief Record : Get Marc (ISO 2709) : E-mail record : QR code < ปิดหน้าต่าง
LEADER : 00000nam 2200000uu 4500
001    13399125136
003     ULIB
008    161006s2545||||th 000 0 tha d
050  4 ^aBQ4195^bห313ห
100 0  ^aพระสุธรรมยานเถร
245 10 ^aหลวงพ่อตอบปัญหาธรรม ฉบับพิเศษ เล่ม 3 /^cพระสุธรรมยานเถร
250    ^aพิมพ์ครั้งที่ 1
260    ^aกรุงเทพฯ :^b[ม.ป.พ.],2545
650  7 ^aหลวงพ่อตอบปัญหาธรรมฉบับพิเศษ เล่ม 3
945    ^p0^l0^i001384
999    ^aณรีรัตน์ วารุกา
รายการนี้ยังไม่มีแท็ก
คุณยังไม่ได้ล็อกอิน คุณสามารถมีกิจกรรมร่วมกับเว็บไซต์ได้ แต่ต้องล็อกอินก่อน ::
  ล็อกอิน

รายการสื่อสารสนเทศ

ลำดับที่ ประเภท เลขเรียก/บาร์โค้ด สถานที่ สถานะ
1. วิทยาศาสตร์การแพทย์ และสุขภาพ
วิทยาศาสตร์การแพทย์ และสุขภาพ
BQ4195 ห313ห ฉ.1 
  Barcode: 001384
ห้องสมุดวิทยาเขตสวรรค์ประชารักษ์
►หนังสือทั่วไป
บนชั้น

BibComment


ยังไม่เคยถูกคอมเมนท์

คอมเมนท์ทรัพยากรรายการนี้
  คอมเมนท์: หลวงพ่อตอบปัญหาธ..


 Copyright 2026. Bcnsprnw @Library